[Event "Staufer op 34th"]
[Site "Schwaebisch Gmuend"]
[Date "2024.01.04"]
[Round "5"]
[White "Wenninger, Philipp"]
[Black "Wong, Gengchun"]
[Result "0-1"]
[WhiteElo "2372"]
[BlackElo "2267"]
[PlyCount "72"]
[EventDate "2024.01.02"]
[EventType "swiss"]
[EventRounds "9"]
[EventCountry "GER"]
[SourceTitle "CB02_2024"]
[SourceDate "2024.01.10"]
[SourceVersion "1"]
[SourceVersionDate "2024.01.10"]
[SourceQuality "1"]

1. d4 d5 2. c4 c6 3. Nf3 Nf6 4. Nc3 dxc4 5. a4 Bf5 6. Ne5 Nbd7 7. Nxc4 Nb6 8. Ne5 a5 9. g3 e6 10. Bg2 Bb4 11. 0-0 0-0 12. e3 h6 13. Na2 Bd6 14. b3 Bh7 15. Bb2 Nfd7 16. Nc4 Nxc4 17. bxc4 e5 18. Qd2 exd4 19. exd4 Nb6 20. Rac1 Nxa4 21. Ba1 Be7 22. Rfd1 Ba3 23. d5 Bxc1 24. Nxc1 cxd5 25. cxd5 Qb6 26. d6 Rfd8 27. Qf4 Qb4 28. Qe5 Qg4 29. Bf3 Qg5 30. Qd4 Nc5 31. h4 Qf6 32. Qxc5 Qxf3 33. Qd4 f6 34. d7 Be4 35. Kf1 Qh1+ 36. Ke2 Bf3+ 0-1

[Event "Staufer op 34th"]
[Site "Schwaebisch Gmuend"]
[Date "2024.01.02"]
[Round "2"]
[White "Wong, Gengchun"]
[Black "Stoettner, Lukas"]
[Result "0-1"]
[WhiteElo "2267"]
[BlackElo "2164"]
[PlyCount "74"]
[EventDate "2024.01.02"]
[EventType "swiss"]
[EventRounds "9"]
[EventCountry "GER"]
[SourceTitle "CB02_2024"]
[SourceDate "2024.01.10"]
[SourceVersion "1"]
[SourceVersionDate "2024.01.10"]
[SourceQuality "1"]

1. e4 c5 2. Nf3 d6 3. d4 cxd4 4. Nxd4 Nf6 5. Nc3 a6 6. Bg5 Nbd7 7. Bc4 Qb6 8. Qd2 Qxb2 9. Rb1 Qa3 10. 0-0 Qc5 11. Bd5 g6 12. Bxb7 Bxb7 13. Rxb7 Bg7 14. Re1 0-0 15. Nb3 Qc8 16. Na5 e6 17. h3 Ne5 18. Rbb1 Qc7 19. Na4 Rab8 20. Rb3 Rb5 21. Rxb5 axb5 22. Qc3 Rc8 23. Qxc7 Rxc7 24. Nb6 Rxc2 25. a3 Nd3 26. Rd1 Nxe4 27. Rxd3 Nxg5 28. f3 e5 29. Rxd6 Bf8 30. Rd8 Ne6 31. Rb8 Kg7 32. Nd7 Bd6 33. Rxb5 Nf4 34. Nxe5 Ne2+ 35. Kf1 Nc3 36. Rb7 Bxe5 37. Nc6 Bg3 0-1

[Event "Berlin Radtke Memorial op"]
[Site "Berlin"]
[Date "2023.10.26"]
[Round "5"]
[White "Schmidek, Emil"]
[Black "Wong, Gengchun"]
[Result "1-0"]
[WhiteElo "2433"]
[BlackElo "2252"]
[PlyCount "75"]
[EventDate "2023.10.23"]
[EventType "swiss"]
[EventRounds "9"]
[EventCountry "GER"]
[SourceTitle "Mega2024 Update 01"]
[Source "Chessbase"]
[SourceDate "2023.11.12"]
[SourceVersion "1"]
[SourceVersionDate "2023.11.12"]
[SourceQuality "1"]

1. d4 d5 2. c4 c6 3. Nc3 Nf6 4. Nf3 e6 5. Bg5 h6 6. Bxf6 Qxf6 7. e3 g6 8. Rc1 Nd7 9. Be2 Bg7 10. cxd5 exd5 11. b4 a6 12. a4 Nb6 13. 0-0 0-0 14. Ne5 Qe7 15. Nd3 Rd8 16. Nc5 Nc4 17. Bxc4 dxc4 18. a5 f5 19. Ne2 g5 20. Qc2 Kh8 21. Qxc4 Qf6 22. Ng3 Qg6 23. Qe2 g4 24. Qc2 h5 25. Ne2 h4 26. Nf4 Qd6 27. Qc4 h3 28. Qf7 hxg2 29. Rfd1 Qf6 30. Qxf6 Bxf6 31. Kxg2 Rb8 32. h3 b6 33. axb6 Rxb6 34. hxg4 fxg4 35. Rh1+ Kg8 36. Rh6 Bg7 37. Rg6 Kf7 38. Rxg7+ 1-0

[Event "GER-ch 94th"]
[Site "Ostfildern"]
[Date "2023.08.20"]
[Round "9"]
[White "Bosselmann, Tom Linus"]
[Black "Wong, Gengchun"]
[Result "1-0"]
[WhiteElo "2106"]
[BlackElo "2257"]
[PlyCount "47"]
[EventDate "2023.08.14"]
[EventType "swiss"]
[EventRounds "9"]
[EventCountry "GER"]
[SourceTitle "CBM 215 Extra"]
[Source "ChessBase"]
[SourceDate "2023.09.30"]
[SourceVersion "1"]
[SourceVersionDate "2023.09.30"]
[SourceQuality "1"]

1. e4 c5 2. Nf3 d6 3. d4 cxd4 4. Nxd4 Nf6 5. Nc3 Nc6 6. Bc4 Qb6 7. Nb3 e6 8. 0-0 a6 9. Be3 Qc7 10. f4 b5 11. Bd3 Be7 12. Qf3 0-0 13. a3 Bb7 14. Qh3 g6 15. Rad1 b4 16. axb4 Nxb4 17. f5 Nxd3 18. Rxd3 Nxe4 19. Nxe4 Bxe4 20. fxe6 f5 21. Rc3 Qb7 22. Bd4 Rfc8 23. Qxh7+ Kxh7 24. Rh3+ 1-0

[Event "Dresden Uhlmann Rapid op"]
[Site "Dresden"]
[Date "2023.05.06"]
[Round "4"]
[White "Wong, Gengchun"]
[Black "Herbrig, Alexander"]
[Result "1-0"]
[WhiteElo "2258"]
[BlackElo "2235"]
[PlyCount "66"]
[EventDate "2023.05.06"]
[EventType "swiss (rapid)"]
[EventRounds "7"]
[EventCountry "GER"]
[SourceTitle "CBM 214 Extra"]
[Source "ChessBase"]
[SourceDate "2023.07.31"]
[SourceVersion "1"]
[SourceVersionDate "2023.07.31"]
[SourceQuality "1"]

1. e4 c5 2. Nf3 d6 3. d4 cxd4 4. Nxd4 Nf6 5. Nc3 g6 6. f3 Nc6 7. Be3 h5 8. Bc4 Bd7 9. Bb3 Bg7 10. Qd2 Na5 11. 0-0-0 Rc8 12. Kb1 Nc4 13. Bxc4 Rxc4 14. b3 Rc8 15. Nd5 0-0 16. Bh6 Nxd5 17. exd5 Bxh6 18. Qxh6 Qa5 19. Rhe1 Qxd5 20. Ne6 Qxe6 21. Rxe6 Bxe6 22. Qg5 Bf5 23. Rd2 Rc7 24. g4 hxg4 25. fxg4 Be4 26. Kb2 d5 27. Qe3 a6 28. h4 Rfc8 29. h5 Rxc2+ 30. Rxc2 Rxc2+ 31. Ka3 Rg2 32. Qf4 Bb1 33. h6 a5 1-0

[Event "Dresden Uhlmann Rapid op"]
[Site "Dresden"]
[Date "2023.05.06"]
[Round "1"]
[White "Wong, Gengchun"]
[Black "Womacka, Mathias"]
[Result "0-1"]
[WhiteElo "2258"]
[BlackElo "2396"]
[PlyCount "98"]
[EventDate "2023.05.06"]
[EventType "swiss (rapid)"]
[EventRounds "7"]
[EventCountry "GER"]
[SourceTitle "CBM 214 Extra"]
[Source "ChessBase"]
[SourceDate "2023.07.31"]
[SourceVersion "1"]
[SourceVersionDate "2023.07.31"]
[SourceQuality "1"]

1. e4 c5 2. Nf3 d6 3. d4 cxd4 4. Nxd4 Nf6 5. Nc3 a6 6. Bg5 e6 7. f4 h6 8. Bh4 Qb6 9. Qd3 Qxb2 10. Rb1 Qa3 11. f5 Be7 12. fxe6 fxe6 13. Be2 0-0 14. 0-0 Qa5 15. Bg4 Nxg4 16. Bxe7 Rxf1+ 17. Rxf1 Ne5 18. Rf8+ Kh7 19. Qd2 Qc7 20. Bd8 Qd7 21. Bh4 Nbc6 22. Bg3 Qe7 23. Rf1 Bd7 24. Nxc6 Bxc6 25. Qd4 Rf8 26. Rd1 Qg5 27. Qxd6 Ng6 28. Qd2 Qc5+ 29. Qd4 Qxd4+ 30. Rxd4 e5 31. Rd2 Re8 32. Nd5 Kg8 33. Kf2 Rc8 34. h4 h5 35. Bxe5 Rf8+ 36. Ke2 Nxe5 37. Ne7+ Kh7 38. Nxc6 bxc6 39. Rd6 Rf4 40. Rd8 Rxe4+ 41. Kd2 Rxh4 42. Re8 Ng6 43. Re6 Rg4 44. Rxc6 Rxg2+ 45. Ke3 h4 46. Rxa6 Rxc2 47. Ra5 Kh6 48. Kf3 Rc3+ 49. Kg2 Nf4+ 0-1

[Event "Bundesliga 2223"]
[Site "Germany"]
[Date "2023.04.02"]
[Round "13.2"]
[White "Wong, Gengchun"]
[Black "Donchenko, Alexander"]
[Result "0-1"]
[WhiteElo "2195"]
[BlackElo "2646"]
[PlyCount "46"]
[EventDate "2022.10.21"]
[EventType "team-tourn"]
[EventRounds "15"]
[EventCountry "GER"]
[SourceTitle "CBM 213 Extra"]
[Source "ChessBase"]
[SourceDate "2023.05.31"]
[SourceVersion "1"]
[SourceVersionDate "2023.05.31"]
[SourceQuality "1"]
[WhiteTeam "Dresden TU"]
[BlackTeam "Baden-Baden"]
[WhiteTeamCountry "GER"]
[BlackTeamCountry "GER"]

1. e4 c5 2. Nf3 e6 3. d4 cxd4 4. Nxd4 Nc6 5. Nb5 d6 6. Bf4 e5 7. Be3 Nf6 8. N1c3 a6 9. Na3 b5 10. Nd5 Nxd5 11. exd5 Ne7 12. c4 Nf5 13. Bd2 e4 14. Bc3 Be7 15. cxb5 e3 16. fxe3 0-0 17. e4 Re8 18. Qd3 Bg5 19. Be2 Ne3 20. Kf2 f5 21. Qd4 Bh6 22. Rhe1 Rxe4 23. Qd3 Qb6 0-1

[Event "Pardubice Czech op-A 33rd"]
[Site "Pardubice"]
[Date "2022.07.22"]
[Round "1"]
[White "Sarkar, Justin"]
[Black "Wong, Gengchun"]
[Result "1/2-1/2"]
[WhiteElo "2346"]
[BlackElo "2114"]
[PlyCount "62"]
[EventDate "2022.07.22"]
[EventType "swiss"]
[EventRounds "9"]
[EventCountry "CZE"]
[SourceTitle "CBM 209 Extra"]
[Source "ChessBase"]
[SourceDate "2022.09.30"]
[SourceVersion "1"]
[SourceVersionDate "2022.09.30"]
[SourceQuality "1"]

1. d4 Nf6 2. c4 g6 3. Nc3 d5 4. cxd5 Nxd5 5. Nf3 Bg7 6. Na4 0-0 7. e4 Nb6 8. Be3 Bg4 9. Nc5 Qc8 10. h3 Bxf3 11. Qxf3 Nc6 12. 0-0-0 e5 13. dxe5 Nxe5 14. Qg3 Rd8 15. Rxd8+ Qxd8 16. f4 Nec4 17. e5 Qd5 18. Bxc4 Nxc4 19. Rd1 Qc6 20. Kb1 b6 21. Nd3 Nxe3 22. Qxe3 Qxg2 23. f5 Re8 24. Nf4 Qh2 25. f6 Bh6 26. Rf1 Bxf4 27. Rxf4 Qh1+ 28. Kc2 Qc6+ 29. Kb1 Qh1+ 30. Kc2 Qc6+ 31. Kb1 Qh1+ 1/2-1/2

[Event "GER-ch U18"]
[Site "Willingen"]
[Date "2020.10.21"]
[Round "2"]
[White "Wong, Gengchun"]
[Black "Gutkin, Ilya"]
[Result "0-1"]
[WhiteElo "2120"]
[BlackElo "2203"]
[PlyCount "166"]
[EventDate "2020.10.19"]
[EventType "swiss"]
[EventRounds "7"]
[EventCountry "GER"]
[SourceTitle "EXT 2022"]
[Source "ChessBase"]
[SourceDate "2021.10.06"]
[SourceVersion "1"]
[SourceVersionDate "2021.10.06"]
[SourceQuality "1"]

1. d4 e6 2. e4 d5 3. Nd2 c5 4. exd5 exd5 5. Ngf3 a6 6. Be2 Nf6 7. 0-0 Bd6 8. dxc5 Bxc5 9. Nb3 Bb6 10. c4 Be6 11. c5 Bc7 12. Bg5 0-0 13. Nbd4 Nc6 14. Rc1 h6 15. Bh4 Bf4 16. Rb1 g5 17. Bg3 Bxg3 18. hxg3 Ne4 19. Nxc6 bxc6 20. Qd4 a5 21. Rbc1 Rb8 22. Bd3 Rb4 23. Qe5 Bg4 24. Bxe4 Rxe4 25. Qd6 Bxf3 26. gxf3 Re6 27. Qxd8 Rxd8 28. Rc2 Rb8 29. Rd1 Rb4 30. Kf1 Kg7 31. Rd3 h5 32. Ra3 Rb5 33. Ra4 Re8 34. Rd4 Kf6 35. Rd3 Kf5 36. Rd4 Kf6 37. Rd3 h4 38. Kg2 hxg3 39. fxg3 Re1 40. Kf2 Rh1 41. Kg2 Rb1 42. Rdd2 Rb4 43. Kf2 a4 44. Kg2 Ra1 45. a3 Rb3 46. Rd4 Ra2 47. Rdd2 Ke5 48. Re2+ Kf6 49. Red2 Kf5 50. Kf2 Kg6 51. Kg2 f5 52. Kf2 Kf6 53. Kg2 Ke5 54. Re2+ Kd4 55. Red2+ Ke5 56. Re2+ Kf6 57. Red2 f4 58. gxf4 gxf4 59. Kf2 Kf5 60. Kg2 Re3 61. Rf2 Ra1 62. Rfd2 Ke5 63. Kf2 Rae1 64. Kg2 Rb3 65. Rf2 Rd3 66. Kh2 Rdd1 67. Rfe2+ Kd4 68. Rxe1 Rxe1 69. Kh3 Rg1 70. Rc3 Rb1 71. Rc2 Ke3 72. Kg4 d4 73. Rc4 Rg1+ 74. Kf5 d3 75. Re4+ Kxf3 76. Rxf4+ Ke3 77. Re4+ Kf2 78. Rf4+ Ke2 79. Re4+ Kd1 80. Rxa4 Kc2 81. Rd4 d2 82. b4 d1Q 83. Rxd1 Rxd1 0-1

[Event "Wroclaw op"]
[Site "Wroclaw"]
[Date "2020.08.06"]
[Round "7"]
[White "Wong, Gengchun"]
[Black "Peglau, Mirjam"]
[Result "1-0"]
[WhiteElo "2190"]
[BlackElo "1851"]
[PlyCount "49"]
[EventDate "2020.08.01"]
[EventType "swiss"]
[EventRounds "9"]
[EventCountry "POL"]
[SourceTitle "CBM 197 Extra"]
[Source "ChessBase"]
[SourceDate "2020.09.30"]
[SourceVersion "1"]
[SourceVersionDate "2020.09.30"]
[SourceQuality "1"]

1. e4 e5 2. Nf3 Nc6 3. Bb5 Bc5 4. c3 Qe7 5. 0-0 Nf6 6. d4 exd4 7. cxd4 Bb6 8. Nc3 0-0 9. e5 Ne8 10. Nd5 Qd8 11. Bg5 f6 12. exf6 Nxf6 13. Nxf6+ gxf6 14. Bh6 Rf7 15. d5 Ne7 16. Re1 Nf5 17. Bf4 Re7 18. d6 Rxe1+ 19. Qxe1 Nxd6 20. Bxd6 cxd6 21. Qe4 Qf8 22. Re1 Kg7 23. Nh4 d5 24. Nf5+ Kh8 25. Qg4 1-0

[Event "Wroclaw op"]
[Site "Wroclaw"]
[Date "2020.08.02"]
[Round "3"]
[White "Wong, Gengchun"]
[Black "Piekielny, Pawel"]
[Result "1/2-1/2"]
[WhiteElo "2190"]
[BlackElo "2099"]
[PlyCount "120"]
[EventDate "2020.08.01"]
[EventType "swiss"]
[EventRounds "9"]
[EventCountry "POL"]
[SourceTitle "CBM 197 Extra"]
[Source "ChessBase"]
[SourceDate "2020.09.30"]
[SourceVersion "1"]
[SourceVersionDate "2020.09.30"]
[SourceQuality "1"]

1. e4 e6 2. d4 d5 3. Nd2 Be7 4. Bd3 c5 5. dxc5 Nf6 6. Qe2 Nc6 7. Ngf3 0-0 8. 0-0 Bxc5 9. c3 Be7 10. Re1 a6 11. e5 Nd7 12. Nb3 Nb6 13. Bf4 Bd7 14. Rad1 Rc8 15. Qc2 g6 16. Qd2 Na7 17. Bh6 Bb5 18. Bxf8 Bxf8 19. Qf4 Bxd3 20. Rxd3 Nc4 21. Ng5 Qe8 22. Rf3 Rc7 23. Nd4 Bg7 24. b3 Na3 25. Rd3 Qc8 26. Qh4 h6 27. Ngxe6 Rxc3 28. Nf4 Rxd3 29. Nxd3 Qc3 30. Re3 Qa1+ 31. Re1 Qc3 32. Re3 Qa1+ 33. Ne1 Nc6 34. Nxc6 bxc6 35. Qd8+ Kh7 36. Kf1 Nc2 37. Re2 Nd4 38. Re3 Nc2 39. Re2 Nd4 40. Rd2 Ne6 41. Qd7 Qxe5 42. Qxf7 Ng5 43. Qd7 Ne4 44. Rc2 Qxh2 45. Qxc6 Qh1+ 46. Ke2 Qg1 47. Qxd5 Qxf2+ 48. Kd3 Qxe1 49. Qxe4 Qd1+ 50. Ke3 Qe1+ 51. Kf3 Qd1+ 52. Re2 Qf1+ 53. Kg3 Qf6 54. Qe6 Qg5+ 55. Qg4 Qd5 56. Re6 Be5+ 57. Kh3 Qd3+ 58. Qf3 Qd7 59. Qg4 Qd3+ 60. Qf3 Qd7 1/2-1/2

[Event "Erfurt op-A 29th"]
[Site "Erfurt"]
[Date "2019.12.29"]
[Round "6"]
[White "Strache, Michael"]
[Black "Wong, Gengchun"]
[Result "1/2-1/2"]
[WhiteElo "2301"]
[BlackElo "2180"]
[PlyCount "73"]
[EventDate "2019.12.26"]
[EventType "swiss"]
[EventRounds "8"]
[EventCountry "GER"]
[SourceTitle "CBM 194 Extra"]
[Source "ChessBase"]
[SourceDate "2020.03.31"]
[SourceVersion "1"]
[SourceVersionDate "2020.03.31"]
[SourceQuality "1"]

1. c4 Nf6 2. Nc3 c5 3. Nf3 Nc6 4. d4 cxd4 5. Nxd4 g6 6. g3 Bg7 7. Bg2 0-0 8. 0-0 Qa5 9. Nc2 d6 10. Nd5 Nxd5 11. cxd5 Ne5 12. Bd2 Qa6 13. Bc3 Bg4 14. Nd4 Rfc8 15. h3 Bd7 16. Kh2 Rc7 17. Qd2 Rac8 18. Rfd1 Ba4 19. Rdc1 Nc4 20. Qf4 Be5 21. Qe4 Be8 22. e3 Qb6 23. b3 Na3 24. Bd2 Nb5 25. Nxb5 Bxb5 26. Rxc7 Rxc7 27. Rc1 Rxc1 28. Bxc1 Qc5 29. Bd2 Kg7 30. f4 Bf6 31. g4 h6 32. Bf3 Qa3 33. Qc2 Qb2 34. Be4 Qxc2 35. Bxc2 Be2 36. Kg2 Kf8 37. Kf2 1/2-1/2

[Event "Erfurt op-A 29th"]
[Site "Erfurt"]
[Date "2019.12.29"]
[Round "7"]
[White "Wong, Gengchun"]
[Black "Neukirchner, Pascal"]
[Result "1/2-1/2"]
[WhiteElo "2180"]
[BlackElo "2224"]
[PlyCount "34"]
[EventDate "2019.12.26"]
[EventType "swiss"]
[EventRounds "8"]
[EventCountry "GER"]
[SourceTitle "CBM 194 Extra"]
[Source "ChessBase"]
[SourceDate "2020.03.31"]
[SourceVersion "1"]
[SourceVersionDate "2020.03.31"]
[SourceQuality "1"]

1. Nf3 c5 2. c4 Nf6 3. Nc3 Nc6 4. e3 e6 5. d4 d5 6. Bd3 a6 7. cxd5 exd5 8. 0-0 c4 9. Bc2 Bb4 10. Ne5 Nxe5 11. dxe5 Bxc3 12. bxc3 Ne4 13. Qd4 Qa5 14. Bxe4 dxe4 15. Qxc4 Bf5 16. Qb4 Qxb4 17. cxb4 Ke7 1/2-1/2

[Event "Erfurt op-A 29th"]
[Site "Erfurt"]
[Date "2019.12.27"]
[Round "2"]
[White "Bajorski, Marius"]
[Black "Wong, Gengchun"]
[Result "0-1"]
[WhiteElo "1994"]
[BlackElo "2180"]
[PlyCount "52"]
[EventDate "2019.12.26"]
[EventType "swiss"]
[EventRounds "8"]
[EventCountry "GER"]
[SourceTitle "CBM 194 Extra"]
[Source "ChessBase"]
[SourceDate "2020.03.31"]
[SourceVersion "1"]
[SourceVersionDate "2020.03.31"]
[SourceQuality "1"]

1. e4 c5 2. Nf3 d6 3. Bb5+ Nd7 4. 0-0 Ngf6 5. Re1 a6 6. Bd3 g6 7. a4 Bg7 8. c3 0-0 9. Na3 Rb8 10. Bc2 e5 11. h3 Re8 12. d4 exd4 13. cxd4 cxd4 14. Nxd4 Nc5 15. f3 Nh5 16. Be3 Qh4 17. Rb1 Bxh3 18. gxh3 Qg3+ 19. Kf1 Qxh3+ 20. Kg1 Qg3+ 21. Kh1 Nf4 22. Qd2 Re5 23. Nf5 Qxf3+ 24. Kh2 Qh5+ 25. Kg3 Qh3+ 26. Kxf4 Ne6# 0-1

[Event "GER-ch U18"]
[Site "Willingen"]
[Date "2019.06.12"]
[Round "5"]
[White "Wong, Gengchun"]
[Black "Martin, Julian"]
[Result "0-1"]
[WhiteElo "2144"]
[BlackElo "2370"]
[PlyCount "54"]
[EventDate "2019.06.09"]
[EventType "swiss"]
[EventRounds "9"]
[EventCountry "GER"]
[SourceTitle "CBM 190 Extra"]
[Source "ChessBase"]
[SourceDate "2019.07.15"]
[SourceVersion "1"]
[SourceVersionDate "2019.07.15"]
[SourceQuality "1"]

1. e4 c5 2. Nf3 d6 3. d4 cxd4 4. Nxd4 Nf6 5. Nc3 a6 6. Bg5 e6 7. f4 Nbd7 8. Qf3 h6 9. Bh4 e5 10. fxe5 Nxe5 11. Qe2 Be7 12. Nf3 0-0 13. 0-0-0 Qc7 14. Nxe5 dxe5 15. Qc4 Qa5 16. Nd5 Nxd5 17. Rxd5 b5 18. Bg3 Be6 19. Qb3 Bxd5 20. exd5 e4 21. Be2 Bg5+ 22. Kb1 Qd2 23. Bg4 Qxg2 24. Rd1 f5 25. Bh5 f4 26. d6+ Kh8 27. Be1 f3 0-1